000 00845nam a2200229Ia 4500
001 L808-31128
003 IT-CnALBA
008 170116s9999||||xx |||||||||||||| ||und||
040 _aIT-CnALBA
_cIT-CnALBA
041 _aITALIANO
100 _aLORENZONI CESARINA
245 0 _aNOEMI.
250 _a1a ed.
260 _aROMA
_bSALES EDITRICE UN. DON. AZ. CATT. ROMA
_c1941 [1° Ed.:1941 - Ed.Ling.Originale: 1941]
300 _a185 p.
500 _aRACCONTO DI UNA VITA SERENA, TRA GLI AFFETTI FAMILIARI, VISSUTA NELL'AMORE.
501 _aSocietà San Paolo EM - Piazza San Paolo, 14 - 12051 ALBA (CN) (non commercial uses only) ® Copyright 2017
520 _aRACCONTO DI UNA VITA SERENA, TRA GLI AFFETTI FAMILIARI, VISSUTA NELL'AMORE.
650 _aNARRATIVA DI VARIE LETTERATURE - ROMANZI
942 _cBK
957 _71
999 _a35902
_bSI
_g Copie: 1
_c289968
_d289968